Vidas paralelas. / (Record no. 30462)
[ view plain ]
| 000 -CABECERA | |
|---|---|
| campo de control de longitud fija | 01115nam a2200217 a 4500 |
| 001 - NÚMERO DE CONTROL | |
| campo de control | 000030970 |
| 005 - FECHA Y HORA DE LA ÚLTIMA TRANSACCIÓN | |
| campo de control | 20250307073710.0 |
| 008 - DATOS DE LONGITUD FIJA--INFORMACIÓN GENERAL | |
| campo de control de longitud fija | 110608s1939 ag 000 f spa d |
| 040 ## - FUENTE DE LA CATALOGACIÓN | |
| Centro catalogador/agencia de origen | DO-SdBNP |
| Lengua de catalogación | spa |
| Centro/agencia transcriptor | BNPHU |
| 082 ## - NÚMERO DE LA CLASIFICACIÓN DECIMAL DEWEY | |
| Número de clasificación | xxx |
| Número de documento/Ítem | P737v |
| 049 ## - FONDOS LOCALES (OCLC) | |
| Fondos de biblioteca | BNPD |
| 100 1# - ENTRADA PRINCIPAL--NOMBRE DE PERSONA | |
| Nombre de persona | Plutarco |
| 9 (RLIN) | 52326 |
| 245 10 - MENCIÓN DE TÍTULO | |
| Título | Vidas paralelas. / |
| Mención de responsabilidad, etc. | publicado bajo la dirección de Pedro Henríquez Ureña. |
| 260 ## - PUBLICACIÓN, DISTRIBUCIÓN, ETC. | |
| Lugar de publicación, distribución, etc. | Buenos Aires, Argentina : |
| Nombre del editor, distribuidor, etc. | Losada, |
| Fecha de publicación, distribución, etc. | 1939. |
| 300 ## - DESCRIPCIÓN FÍSICA | |
| Extensión | 3 v. ; |
| Dimensiones | 18 cm. |
| 490 1# - MENCIÓN DE SERIE | |
| Mención de serie | Las cien obras maestras de la literatura y del pensamiento universal |
| Designación de volumen o secuencia | 17, 19, 22 |
| 500 ## - NOTA GENERAL | |
| Nota general | Incluye notas al pie de las páginas. |
| 505 0# - NOTA DE CONTENIDO CON FORMATO | |
| Información miscelánea | V.1. |
| Título | Teseo. - Romulo. -Numa. - Solón. -Licurgo. - Publícola. - Temístocles. - Camilo. -- |
| Información miscelánea | V.2. |
| Título | Pericles. - Fabio Máximo. - Alcibíades. - Coriolano. -Timoleón. - Paulo Emilio Pelópidas. - Marcelo. -- |
| Información miscelánea | V.3. |
| Título | Arístides. - Marco Caton. - Filopemen. - Tito Quincio Flaminino. - Pirro. - Gayo Mario. - Lisandro. - Sila. |
| 700 12 - PUNTO DE ACCESO ADICIONAL--NOMBRE DE PERSONA | |
| Nombre de persona | Henríquez Ureña, Pedro, |
| Fechas asociadas al nombre | 1884-1946 |
| 9 (RLIN) | 1718 |
| 830 #4 - PUNTO DE ACCESO ADICIONAL DE SERIE-TÍTULO UNIFORME | |
| Título uniforme | Las cien obras maestras de la literatura y del pensamiento universal; |
| Designación de volumen o secuencia | 17, 19, 22 |
| 9 (RLIN) | 7967 |
| Estado de retiro | Estado de pérdida | Restricciones de uso | No para préstamo | Código de colección | Localización permanente | Ubicación/localización actual | Ubicación en estantería | Fecha de adquisición | Número de inventario | Total de préstamos | Signatura topográfica completa | Código de barras | Fecha visto por última vez | Precio válido a partir de | Tipo de ítem Koha | Nota pública |
|---|---|---|---|---|---|---|---|---|---|---|---|---|---|---|---|---|
| Excluido de préstamo | Raros y valiosos | General | General | En catalogación | 08.06.2011 | LF1 | v.1 | 30970-10 | 25.06.2020 | 25.06.2020 | No se presta | Perteneció a la biblioteca personal de Carlos Larrazábal Blanco. | ||||
| Excluido de préstamo | Raros y valiosos | General | General | En catalogación | 08.06.2011 | LF1 | v.2 | 30970-20 | 25.06.2020 | 25.06.2020 | No se presta | Perteneció a la biblioteca personal de Carlos Larrazábal Blanco. | ||||
| Excluido de préstamo | Raros y valiosos | General | General | En catalogación | 10.06.2011 | LF1 | v.3 | 30970-30 | 25.06.2020 | 25.06.2020 | No se presta | Perteneció a la biblioteca personal de Carlos Larrazábal Blanco. |
